Statistics for My Top 100 Video Games of All Time

Click here to take the quiz!

General Stats

  • This quiz has been taken 114 times
  • The average score is 14 of 100

Answer Stats

RankGame% Correct
26Super Mario Bros. 3
67%
61Grand Theft Auto: San Andreas
53%
79Halo: Combat Evolved
46%
2Final Fantasy III (VI)
44%
1The Legend of Zelda: Ocarina of Time
43%
67Half-Life
41%
15Super Mario 64
41%
17Portal 1/2
40%
11Super Mario World
40%
69Street Fighter II
37%
33Super Mario Galaxy
37%
18The Legend of Zelda: Majora's Mask
37%
32Resident Evil (2002)
36%
77Resident Evil Code: Veronica
36%
45Pokemon Crystal Version
35%
10Metroid Prime
32%
8Chrono Trigger
31%
48Super Smash Bros. Melee
31%
39Red Dead Redemption
30%
42The Legend of Zelda
30%
46The Legend of Zelda: Breath of the Wild
27%
38Metal Gear Solid
26%
19Super Mario Galaxy 2
26%
43The Legend of Zelda: Twilight Princess
26%
13Half-Life 2
25%
5The Legend of Zelda: A Link To The Past
25%
88Uncharted 2: Among Thieves
25%
64BioShock
21%
90Castlevania: Aria of Sorrow
20%
3Super Metroid
19%
86The Last of Us Remastered
16%
12The Legend of Zelda: Link's Awakening DX
16%
97Dark Souls
15%
35EarthBound
14%
14Metal Gear Solid 2: Sons of Liberty
14%
24Resident Evil 2: Dual Shock Edition
14%
47Resident Evil 4
14%
6SoulCalibur
14%
34Metal Gear Solid 3: Snake Eater
12%
4Chrono Cross
11%
85Final Fantasy VII
11%
91Final Fantasy X
11%
96Persona 2: Innocent Sin
11%
9Shadow of the Colossus
11%
36Silent Hill 2
11%
66Super Mario World 2: Yoshi's Island
11%
87Banjo-Kazooie
10%
99Mass Effect 2
10%
16The Legend of Zelda: The Wind Waker
10%
93Bloodborne
9%
71Donkey Kong Country 2: Diddy's Kong Quest
9%
41Final Fantasy IX
9%
40Star Wars: Knights of the Old Republic
7%
62Braid
6%
84Devil May Cry 3: Dante's Awakening
6%
25ICO
6%
56Journey
6%
21Mother 3
6%
23Okami
6%
44Silent Hill 3
6%
20Castlevania: Symphony of the Night
5%
76Starcraft
5%
28Valkyrie Profile
5%
95Xenogears
5%
81Advance Wars
4%
74Advance Wars: Dual Strike
4%
78Deus Ex
4%
52Final Fantasy Tactics: The War of the Lions
4%
63Gran Turismo 3: A-Spec
4%
50Perfect Dark
4%
51Sid Meier's Civilization IV
4%
55Warcraft III: The Frozen Throne
4%
49Baldur's Gate II: Shadows of Amn
2%
70Inside
2%
82Monkey Island 2: LeChuck's Revenge
2%
60Panzer Dragoon Orta
2%
7Panzer Dragoon Saga
2%
100Diablo II: Lord of Destruction
1%
31Eternal Darkness: Sanity's Requiem
1%
58Fatal Frame II: Crimson Butterfly
1%
73Grim Fandango
1%
72Limbo
1%
94Nine Hours, Nine Persons, Nine Doors
1%
29Shin Megami Tensei: Digital Devil Saga 2
1%
59Suikoden II
1%
89System Shock 2
1%
53Vagrant Story
1%
68Ever17: Out of Infinity
0%
30Lunar: Eternal Blue
0%
22NiGHTS Into Dreams...
0%
75Phantasy Star IV: The End of the Millennium
0%
83Planescape: Torment
0%
98Prince of Persia: The Sands of Time
0%
54Sid Meier's Pirates!
0%
57Skies of Arcadia
0%
80Tactics Ogre: Let Us Cling Together
0%
37The Legend of Heroes: Trails in the Sky
0%
27The Legend of Heroes: Trails in the Sky SC
0%
65The Longest Journey
0%
92Thief II: The Metal Age
0%

Score Distribution

Percentile by Number Answered

Percent of People with Each Score

Your Score History

You have not taken this quiz